| 000 | 005740000a22002050004500 | ||
|---|---|---|---|
| 999 |
_c5775 _d5775 |
||
| 003 | LSTLib | ||
| 008 | 200612b ||||| |||| 00| 0 eng d | ||
| 020 | _aNot given | ||
| 041 | _aeng | ||
| 082 | _a340 AUS | ||
| 100 |
_aAustin, John _97184 |
||
| 245 | _aLectures on Jurisprudence or the Philosophy of Positive Law | ||
| 250 | _a5th Ed. | ||
| 260 |
_aLondon _bJohn Murray _c1885 |
||
| 300 | _axxiii,507 p. | ||
| 650 |
_aGreat Britain _97183 |
||
| 650 |
_aJurisprudence _91867 |
||
| 700 |
_aCampbell, Robert _eed _912228 |
||
| 942 |
_cTB _k340 _mAUS _2ddc |
||